00418nam a2200157Ia 4500008004100000020001800041245004600059245005600105260001500161260001600176260000900192300001600201300002500217300001000242500000800252170705s9999 xx 000 0 und d a9780545312561 4aThe miraculous journey of Edward Tulane / cKate DiCamillo ; illustrated by Bagram Ibatoulline. aNew York : bScholastic, c2006 a210 pages : bcolor illustration ; c19cm. a700